| 000 | 02753nam0a2200349 4500 | ||
|---|---|---|---|
| 001 | RU\NLR\BIBL_A\012828447 | ||
| 005 | 20260126180916.0 | ||
| 010 |
_a978-5-7765-1500-2 _956 |
||
| 021 |
_aRU _bКН-П-22-018489 _9КН-П-22-1587 |
||
| 035 | _a(NLR Aleph) 012828447 | ||
| 035 | _a(RuMoRGB)011019522 | ||
| 090 |
_a13537972 _c13537972 |
||
| 100 | _a20220624d2022 u y0rusy50 ca | ||
| 101 | 0 | _arus | |
| 102 | _aRU | ||
| 105 | _aa j 000zy | ||
| 181 | 0 |
_ai3 _baxxe |
|
| 182 | 0 | _an | |
| 200 | 1 |
_aКомпьютерный инженерный анализ в NX _eучебно-практическое пособие _eпо специальности 24.05.07 - "Самолето- и вертолетостроение" _fК. А. Жигалкин _gМинистерство науки и высшего образования Российской Федерации, Федеральное государственное бюджетное образовательное учреждение высшего образования "Комсомольский-на-Амуре государственный университет" |
|
| 203 |
_aТекст _bвизуальный _cнепосредственный |
||
| 210 |
_aКомсомольск-на-Амуре _cРедакционно-издательский отдел Федерального государственного бюджетного образовательного учреждения высшего образования "Комсомольский-на-Амуре государственный университет" _d2022 |
||
| 215 |
_a84 с. _cил., табл. _d20 |
||
| 320 | _aБиблиогр.: с. 84 (8 назв.) | ||
| 330 | _aВ учебно-практическом пособии рассмотрены структурный конечно-элементный анализ отдельных деталей механических конструкций, сборочных конструкций, анализ теплового и жидкостного потоков, многотельная динамика и кинематика. Даны варианты заданий, образцы и последовательность их выполнения | ||
| 606 | 1 |
_aNX Advanced Simulation, пакет прикладных программ _jУчебные издания для высших учебных заведений _92248401 _3RU\NLR\AUTH\6601579564 |
|
| 675 |
_a629.7.02:004.42(075.8) _v4 |
||
| 686 | 1 | _aВ251.6с116я73-1 | |
| 700 | 1 |
_aЖигалкин _bК. А. _gКонстантин Александрович |
|
| 942 | _cBOOK | ||
| 980 | _aNB | ||